Państwa na 4 litery - Statystyki

Ogólne statystyki
  • Ten quiz został rozwiązany 1 241 razy
  • Średni wynik to 7 z 10
Statystyki odpowiedzi
Kontynent Państwo % Poprawnych
Ameryka Płd. Peru
83%
Azja Irak
77%
Azja Iran
77%
Ameryka Płn. Kuba
77%
Azja Oman
74%
Afryka Czad
64%
Azja Laos
63%
Afryka Mali
61%
Afryka Togo
60%
Azja Cypr
49%
Nie znaleziono quizów pasujących do podanych kryteriów
Rozkład punktacji
Procent ludzi z każdym wynikiem
Percentyl według liczby udzielonych odpowiedzi
Twoja historia wyników
Nie rozwiązałeś tego quizu